Project Charter (Record no. 8143)
[ view plain ]
| 000 -LEADER | |
|---|---|
| campo de control de longitud fija | 00385nam a2200145Ia 4500 |
| 001 - NÚMERO DE CONTROL | |
| campo de control | 2829 |
| 008 - DATOS DE LONGITUD FIJA--INFORMACIÓN GENERAL | |
| campo de control de longitud fija | 241024s9999 xx 000 0 und d |
| 082 ## - NÚMERO DE LA CLASIFICACIÓN DECIMAL DEWEY | |
| Número de clasificación | RD/607/R426p/2013 |
| 100 ## - ENTRADA PRINCIPAL--NOMBRE DE PERSONA | |
| Nombre de persona | República Dominica. Ministerio de Educación |
| 245 #0 - MENCIÓN DEL TÍTULO | |
| Título | Project Charter |
| 260 ## - PUBLICACIÓN, DISTRIBUCIÓN, ETC. | |
| Nombre del editor, distribuidor, etc. | Dirección General de Tecnología |
| Fecha de publicación, distribución, etc. | 2013 |
| 590 ## - NOTA LOCAL (RLIN) | |
| Nota local | si |
| 901 ## - ELEMENTOS DE DATOS A LOCAL LDA (RLIN) | |
| a | 4/4/2013 1:56:14 p.m. |
No items available.